Have these people opened for Taylor Swift? - Statistics

General Stats
  • This quiz has been taken 67 times
  • The average score is 6 of 12
Answers on the Grid
Answers color-coded by a green-red scale on the quiz's grid according to % correct below.
Gracie Abrams
Sabrina Carpenter
Olivia Rodrigo
Haim
Charli xcx
Ice spice
Chapell roan
Harry styles
Justin bieber
ed sheeran
fall out boy
paramore
Shawn mendes
Lana del rey
Camila cabello
the bleachers
role model
billie eilish
Girl in red
one direction
halsey
the weekend
selena gomez
beabadoobee
paramore
 
Answer Stats
Answer % Correct
Gracie Abrams
93%
Sabrina Carpenter
93%
Charli xcx
62%
paramore
59%
paramore
59%
Girl in red
48%
beabadoobee
45%
Haim
45%
ed sheeran
41%
Camila cabello
34%
Shawn mendes
31%
Justin bieber
21%
No matching quizzes found
Score Distribution
Percent of People with Each Score
Percentile by Number Answered
Your Score History
You have not taken this quiz